| 000 | 00528nam a22002057a 4500 | ||
|---|---|---|---|
| 003 | SGT | ||
| 020 | _a9789389859812 | ||
| 082 |
_a610.73 _bF21T |
||
| 100 | _aTAYLOR, CAROL | ||
| 245 | _aFUNDAMENTALS OF NURSING | ||
| 250 | _a1ST S.A. | ||
| 260 |
_aINDIA _bWOLTERS KLUWER PUB _c2021 |
||
| 300 | _a420, 1257 | ||
| 650 | _aFUNDAMENTALS OF NURSING | ||
| 653 | _aFOUNDATION OF NURSING PRACTICE | ||
| 653 | _aHEALTH CARE DELIVERY | ||
| 653 | _aFOCUS ON NURSING SKILLS | ||
| 653 | _aFOCUS ON SAFETY | ||
| 942 |
_2ddc _cBK _040 |
||
| 999 |
_c27700 _d27700 |
||